000 01291nam a22003017a 4500
005 20240530110439.0
008 150416s2010 ua g 000 0dara d
017 _a2010/14780
_bمصر . دار الكتب المصرية
020 _a9789777041881
040 _aEG-CaGPL
082 0 4 _221
_a366.1\
_bف م
100 1 _aفيختل ، فريدريش
_qفريدريش فيختل
245 1 2 _aالماسونية العالمية :
_bبحث عن المنشأ والاهداف النهائية للحرب العالمية الاولى /
_cتاليف فريدريش فيختل ؛ ترجمة عثمان محمد عثمان
250 _aط1
260 _aالقاهرة :
_bالمركز القومى للترجمة ،
_c2010 .
300 _a257 ص ؛
_c24 سم
490 0 _aالمشروع القومى للترجمة ؛
_v1691
650 0 4 _aالماسونيه
650 0 4 _aالماسونيه واليهودية
650 0 4 _aالماسونيه والمسيحية
650 0 4 _aالماسونيه
_xازياء
650 0 4 _aالماسونية
_xاندرياس
650 0 4 _aالماسونيه يوهانس
650 0 4 _aالجماعات السرية
700 0 _aعثمان محمد عثمان
_eمترجم
942 _2ddc
_cBK
999 _c61006
_d61006